000 00861nam a22002657a 4500
005 20250802120204.0
008 220303b ||||| |||| 00| 0 eng d
020 _a9789327219722
040 _cAloy
041 _aeng
082 _223
_a307.72
_bMONT
100 _aSagar Mondal
_9233718
245 _aTextbook of Rural Development
260 _aLudhiana
_bKalyani Publishers
_c2017
300 _ax,307 p.
_bPB
_c24x17 cm.
365 _2Economics
_aMLSH21CRB333
_b144.00
_c
_d180.00
_e20%
_f20-02-2022
520 _aTextbook On Rural Development Enterpreneurship & Communication Skills
650 _aDevelopment Progrmmes in India
_922425
650 _aRural Marketing
_922426
650 _aCorporate Sector
_922427
650 _aDisaster Management
_922428
650 _aCommunication Technology
_922429
700 _aRay, G L
_922431
942 _2ddc
_cBK
999 _c221671
_d221671